000 00479nam a2200193Ia 4500
005 20260429112148.0
008 260429s9999||||xx |||||||||||||| ||und||
020 _a9788198071989
041 _aEnglish
082 _a934
_bKHA
100 _aKhan, Moshin
245 0 _aAncient India /
_cMoshin Khan
250 _a1st ed.
260 _aDelhi :
_bAngel Publisher and Distributors,
_c2025.
300 _axi, 212 p.; hb
650 _a India
650 _aAncient
942 _cTB
999 _c52669
_d52669